| 000 | 00931cam a2200241 i 4500 | ||
|---|---|---|---|
| 003 | SA-RiAUC | ||
| 005 | 20250918075719.0 | ||
| 008 | 250817s1985 le g 00010 ara c | ||
| 040 |
_aSA-AhKFU _bara _cSA-RiAUC _erda |
||
| 082 | 0 | 4 | _a953 |
| 090 |
_a953 _bص د ي |
||
| 100 | 1 |
_aصديق حسن خان، محمد صديق بن حسن بن علي، _d1248-1307 هجري _eمؤلف. |
|
| 245 | 1 | 0 |
_aلقطة العجلان مما تمس إلى معرفته حاجة الإنسان / _cمحمد صديق حسن خان. |
| 250 | _aالطبعة الأولى. | ||
| 264 | 1 |
_aبيروت : _bدار الكتب العالمية، _c1985. |
|
| 300 |
_a238 صفحة ؛ _c26 سم |
||
| 336 |
_aنص _btxt _2rdacontent _3كتاب |
||
| 337 |
_aبدون وسيط _bn _2rdamedia |
||
| 338 |
_aمجلد _bnc _2rdacarrier |
||
| 650 | 7 |
_aالتاريخ الإسلامي _2aucsh |
|
| 942 |
_2ddc _cBOOK _n0 |
||
| 949 |
_aSA-JeALM _d250817 _uosman123 _n1 |
||
| 999 |
_c11919 _d11919 |
||